[Event "NM for klubblag 2018"]
[Site "Quality Hotel Edvard Grieg, Bergen"]
[Date "2018.05.10"]
[Round "3"]
[White "Rasmussen, Jonas H"]
[Black "Aarnes, Eirik"]
[Result "1-0"]
[WhiteElo "1892"]
[BlackElo "1793"]
[PlyCount "49"]
[EventDate "2018.??.??"]

1. d4 d5 2. Nf3 Nf6 3. g3 Bf5 4. Bg2 e6 5. O-O Bd6 6. c4 c6 7. Nc3 Nbd7 8. Nd2
O-O 9. h3 e5 10. dxe5 Nxe5 11. cxd5 cxd5 12. Nb3 Qd7 13. Nxd5 Nxd5 14. Qxd5
Bxh3 15. Rd1 Bxg2 16. Kxg2 Rad8 17. Bg5 Ng4 18. Bxd8 Rxd8 19. Nc5 Qb5 20. Nxb7
Ne3+ 21. fxe3 Qxe2+ 22. Kh1 Qxe3 23. Nxd8 Bc5 24. Re1 Qh6+ 25. Kg2
1-0

[Event "NM for klubblag 2018"]
[Site "Quality Hotel Edvard Grieg, Bergen"]
[Date "2018.05.10"]
[Round "3"]
[White "Sørensen, Simen"]
[Black "Aulin-Jansson, Jøran"]
[Result "0-1"]
[WhiteElo "1853"]
[BlackElo "2287"]
[PlyCount "60"]
[EventDate "2018.??.??"]

1. c4 e5 2. Nc3 Nc6 3. g3 g6 4. Bg2 Bg7 5. e3 f5 6. d3 Nf6 7. Nge2 O-O 8. O-O
d6 9. Rb1 a5 10. a3 g5 11. f4 h6 12. b4 axb4 13. axb4 Kh8 14. Qb3 Qe8 15. Nd5
Nxd5 16. Bxd5 Ne7 17. Bg2 Ng6 18. Bd2 exf4 19. gxf4 Rg8 20. fxg5 hxg5 21. Ng3
Nh4 22. Bd5 Be6 23. Bxb7 Rb8 24. Bh1 f4 25. Ne4 Qh5 26. Qd1 Bg4 27. Qe1 Be2 28.
Nf2 Rbe8 29. e4 Bd4 30. Bc3 Qg4+
0-1

[Event "NM for klubblag 2018"]
[Site "Quality Hotel Edvard Grieg, Bergen"]
[Date "2018.05.10"]
[Round "3"]
[White "Omtvedt, Per"]
[Black "Ayzenberg, Alena"]
[Result "1/2-1/2"]
[WhiteElo "1883"]
[BlackElo "1899"]
[PlyCount "109"]
[EventDate "2018.??.??"]

1. e4 c5 2. Nc3 e6 3. g3 d5 4. exd5 exd5 5. Bg2 Nf6 6. d3 h6 7. Nge2 Nc6 8. O-O
d4 9. Ne4 Nxe4 10. Bxe4 Be7 11. Nf4 O-O 12. Nd5 f5 13. Bg2 Bg5 14. Re1 Bxc1 15.
Rxc1 Bd7 16. Qd2 Qa5 17. Qxa5 Nxa5 18. c4 Rab8 19. b4 cxb4 20. Nxb4 Ba4 21. Re5
Nc6 22. Nxc6 Bxc6 23. Rb1 Bxg2 24. Kxg2 b6 25. Re7 Rf7 26. Rxf7 Kxf7 27. Rb5
Kf6 28. Rd5 Re8 29. Kf1 Re5 30. Rxd4 Ra5 31. Ke2 Rxa2+ 32. Ke3 Ke6 33. h4 g5
34. hxg5 hxg5 35. Rd5 Ra1 36. Rb5 Re1+ 37. Kd2 Re5 38. Rb1 Ra5 39. Rb2 Ra1 40.
Ke3 Re1+ 41. Kd2 Ra1 42. Ke3 Ra5 43. Rb3 Kd6 44. Kd4 Ra2 45. Ke3 Ra1 46. Rb5
Re1+ 47. Kd2 Re5 48. d4 Re4 49. Rxf5 Rxd4+ 50. Kc3 Rg4 51. Rb5 Kc6 52. Rf5 a6
53. Rf6+ Kc5 54. Rf5+ Kc6 55. Rf6+
1/2-1/2

[Event "NM for klubblag 2018"]
[Site "Quality Hotel Edvard Grieg, Be"]
[Date "2018.05.10"]
[Round "3"]
[White "Bern, Ivar"]
[Black "Murugesh, Niran-Jan"]
[Result "1-0"]
[WhiteElo "2308"]
[BlackElo "1567"]
[PlyCount "95"]
[EventDate "2018.??.??"]

1. c4 Nf6 2. Nc3 g6 3. g3 Bg7 4. Bg2 O-O 5. e4 e5 6. Nge2 d6 7. d3 Nh5 8. O-O
f5 9. exf5 gxf5 10. f4 c6 11. Kh1 Nf6 12. Be3 a5 13. Bg1 Nbd7 14. fxe5 Nxe5 15.
b3 Qe8 16. d4 Neg4 17. Qd3 Bd7 18. Nf4 Qf7 19. Rae1 Rae8 20. h3 Nh6 21. d5 c5
22. Ne6 Bxe6 23. dxe6 Rxe6 24. Rxe6 Qxe6 25. Bxb7 Kh8 26. Bg2 Ne4 27. Nxe4 fxe4
28. Rxf8+ Bxf8 29. Qxe4 Qxe4 30. Bxe4 Be7 31. Be3 Nf7 32. Bd2 Bd8 33. Bc3+ Ne5
34. Kg2 Kg7 35. Bxe5+ dxe5 36. Kf3 h6 37. Bf5 Kf6 38. Ke4 Bc7 39. h4 Bd6 40. g4
Be7 41. Kd5 h5 42. Bc8 hxg4 43. Bxg4 Bf8 44. Kc6 e4 45. Kb5 Ke5 46. Kxa5 Kd4
47. Kb5 Kc3 48. h5 1-0

[Event "NM for klubblag 2018"]
[Site "Quality Hotel Edvard Grieg, Bergen"]
[Date "2018.05.10"]
[Round "3"]
[White "Olsen, Geir"]
[Black "Bjørkly, Sara Marie Skaug"]
[Result "0-1"]
[WhiteElo "1459"]
[BlackElo "1343"]
[PlyCount "92"]
[EventDate "2018.??.??"]

1. d4 d5 2. Bf4 e6 3. e3 Nf6 4. c3 c5 5. Nd2 Nbd7 6. Ngf3 b6 7. Bd3 Bb7 8. h3
Be7 9. Ne5 Rc8 10. h4 Nxe5 11. dxe5 Ne4 12. Nxe4 dxe4 13. Bb5+ Bc6 14. Qxd8+
Bxd8 15. Bxc6+ Rxc6 16. O-O-O O-O 17. f3 exf3 18. gxf3 Bc7 19. Bg3 f6 20. f4
fxe5 21. fxe5 Rf3 22. Bf4 Rf2 23. Rd7 Rg2 24. h5 h6 25. Rh3 b5 26. Rg3 Rxg3 27.
Bxg3 c4 28. Kc2 Rc5 29. b4 cxb3+ 30. Kxb3 a5 31. Rd3 Bxe5 32. Bxe5 Rxe5 33. a4
bxa4+ 34. Kxa4 Rxh5 35. c4 Re5 36. Rc3 Rc5 37. Kb3 Kf7 38. e4 Kf6 39. Ka4 Ke5
40. Rg3 Rxc4+ 41. Kxa5 g5 42. Rh3 Rxe4 43. Rxh6 Kf5 44. Rh8 Kg4 45. Kb5 Kf3 46.
Rh3+ Kg2
0-1

[Event "NM for klubblag 2018"]
[Site "Quality Hotel Edvard Grieg, Bergen"]
[Date "2018.05.10"]
[Round "3"]
[White "Sævareid, Ove"]
[Black "Christiansen, Johan-Sebastian"]
[Result "0-1"]
[WhiteElo "2166"]
[BlackElo "2499"]
[PlyCount "54"]
[EventDate "2018.??.??"]

1. Nf3 d5 2. c4 d4 3. e3 Nc6 4. exd4 Nxd4 5. Nxd4 Qxd4 6. Nc3 c6 7. d3 Nh6 8.
Be3 Qd8 9. d4 Nf5 10. Be2 g6 11. Qd2 Nxe3 12. fxe3 Bh6 13. Qd3 e5 14. O-O exd4
15. exd4 Bf5 16. Rxf5 gxf5 17. Rf1 Bg7 18. Qxf5 Qxd4+ 19. Kh1 O-O 20. Bd3 Qh4
21. Ne4 Rad8 22. g3 Qh6 23. Bb1 Qg6 24. Qh3 f5 25. Nc5 Qg4 26. Qg2 Qxc4 27. b4
Rd2
0-1

[Event "NM for klubblag 2018"]
[Site "Quality Hotel Edvard Grieg, Bergen"]
[Date "2018.05.10"]
[Round "3"]
[White "Tunsjø, Axel"]
[Black "Dahl, Max"]
[Result "1-0"]
[WhiteElo "1901"]
[BlackElo "1926"]
[PlyCount "121"]
[EventDate "2018.??.??"]

1. e4 c6 2. Nf3 d5 3. Nc3 Bg4 4. h3 Bxf3 5. Qxf3 dxe4 6. Nxe4 e6 7. g4 Nd7 8.
d4 Ngf6 9. g5 Nxe4 10. Qxe4 Qc7 11. Bf4 Bd6 12. Bxd6 Qxd6 13. O-O-O Qd5 14.
Qxd5 exd5 15. Re1+ Kd8 16. h4 Re8 17. Bd3 Nf8 18. c3 Kd7 19. f4 Rxe1+ 20. Rxe1
Re8 21. Rxe8 Kxe8 22. f5 g6 23. Kd2 Ke7 24. Ke3 Kd6 25. Kf4 b6 26. b4 c5 27.
Bb5 cxd4 28. cxd4 gxf5 29. Kxf5 Ne6 30. Kf6 Nxd4 31. Bd3 Nf3 32. h5 Nd2 33.
Bxh7 Ne4+ 34. Kf5 Ng3+ 35. Kg4 Nxh5 36. Kxh5 Ke5 37. Bg8 f5 38. gxf6 Kxf6 39.
Bxd5 Ke5 40. Bc4 Kd4 41. Ba6 b5 42. Bxb5 Kc3 43. a3 Kb3 44. Ba6 Kxa3 45. b5 Kb4
46. Kg5 Kc5 47. Kf5 Kd5 48. Kf4 Kd4 49. Kf3 Kd5 50. Ke3 Kc5 51. Kd3 Kd5 52. Kc3
Kc5 53. Kb3 Kd5 54. Kb4 Kd6 55. Kc4 Kd7 56. Kd5 Kc7 57. Kc5 Kb8 58. Kc6 Ka8 59.
Bc8 Kb8 60. Bb7 a5 61. bxa6
1-0

[Event "NM for klubblag 2018"]
[Site "Quality Hotel Edvard Grieg, Bergen"]
[Date "2018.05.10"]
[Round "3"]
[White "Eliseev, Sergey"]
[Black "Stokhaug, Jon Arne"]
[Result "1/2-1/2"]
[WhiteElo "1660"]
[BlackElo "1833"]
[PlyCount "27"]
[EventDate "2018.??.??"]

1. e4 c5 2. Nf3 Nc6 3. Bb5 g6 4. Bxc6 dxc6 5. h3 Bg7 6. O-O e5 7. a4 a5 8. Na3
Be6 9. b3 f6 10. Qe2 Ne7 11. Nc4 O-O 12. Bb2 Qc7 13. Rfe1 Rfd8 14. Qf1
1/2-1/2

[Event "NM for klubblag 2018"]
[Site "Quality Hotel Edvard Grieg, Bergen"]
[Date "2018.05.10"]
[Round "3"]
[White "Elseth, Roar"]
[Black "Lindbøl, Aleksander"]
[Result "0-1"]
[WhiteElo "2331"]
[BlackElo "2136"]
[PlyCount "110"]
[EventDate "2018.??.??"]

1. e4 c6 2. d4 d5 3. Nc3 dxe4 4. Nxe4 Bf5 5. Ng3 Bg6 6. Nf3 Nd7 7. h4 h6 8. h5
Bh7 9. Bd3 Bxd3 10. Qxd3 e6 11. Bd2 Ngf6 12. O-O-O Be7 13. Kb1 O-O 14. Qe2 Qb6
15. c4 Rfe8 16. Ne5 Rad8 17. Be3 c5 18. f4 Qc7 19. Qc2 Bd6 20. Nxd7 Rxd7 21.
dxc5 Bxc5 22. Rxd7 Nxd7 23. Bc1 Nf6 24. Ne4 Nxe4 25. Qxe4 Rd8 26. b3 Rd4 27.
Qc2 Rd8 28. g4 Qc6 29. Rf1 Qd6 30. g5 hxg5 31. fxg5 Qd3 32. Qxd3 Rxd3 33. h6
gxh6 34. gxh6 f5 35. Re1 Kf7 36. Rh1 Bd4 37. h7 Bh8 38. Bb2 Rd8 39. Re1 Bxb2
40. Kxb2 Rh8 41. Kc3 Rxh7 42. Kd4 Kf6 43. c5 Rd7+ 44. Kc4 e5 45. b4 a6 46. a4
e4 47. b5 axb5+ 48. axb5 Ke5 49. c6 bxc6 50. bxc6 Rc7 51. Kc5 f4 52. Rh1 f3 53.
Rh8 e3 54. Re8+ Kf4 55. Kd4 e2
0-1

[Event "NM for klubblag 2018"]
[Site "Quality Hotel Edvard Grieg, Bergen"]
[Date "2018.05.10"]
[Round "3"]
[White "Flatebø, Hallvard Haug"]
[Black "Solli, Jarle"]
[Result "1-0"]
[WhiteElo "1717"]
[BlackElo "1744"]
[Annotator "larsz"]
[PlyCount "41"]
[EventDate "2018.??.??"]

1. e4 c5 2. Nf3 Nc6 3. d4 cxd4 4. Nxd4 Nxd4 5. Qxd4 Qc7 6. Nc3 e5 7. Qd1 Bb4 8.
Bd2 Bxc3 9. Bxc3 Nf6 10. f3 O-O 11. Qd2 a5 12. O-O-O Rd8 13. Qd6 b5 14. Bxe5
Qxd6 15. Rxd6 Bb7 16. Rd2 d5 17. exd5 Rxd5 18. Rxd5 Bxd5 19. a3 Rc8 20. Bd4 Rb8
21. Bxb5 {resten er uklar}
1-0

[Event "NM for klubblag 2018"]
[Site "Quality Hotel Edvard Grieg, Bergen"]
[Date "2018.05.10"]
[Round "3"]
[White "Fossan, Aleksander"]
[Black "Salomon, Johan"]
[Result "0-1"]
[WhiteElo "2132"]
[BlackElo "2482"]
[PlyCount "82"]
[EventDate "2018.??.??"]

1. e4 e5 2. Nf3 Nc6 3. d4 exd4 4. Nxd4 Qf6 5. Nxc6 Bc5 6. Qd2 bxc6 7. Nc3 Ne7
8. Qf4 Qxf4 9. Bxf4 d6 10. Bc4 Ng6 11. Bg3 Bd4 12. O-O O-O 13. Rfd1 Bf6 14.
Rab1 Rb8 15. Rd3 h5 16. h3 h4 17. Bh2 Re8 18. f3 Ne5 19. Bxe5 Rxe5 20. Ne2 d5
21. Bb3 dxe4 22. fxe4 Rxe4 23. Nc3 Rf4 24. Re1 Bf5 25. Rd2 g6 26. Rde2 Kg7 27.
Ne4 Bd4+ 28. Kh2 Re8 29. Ng5 Rxe2 30. Rxe2 Rf1 31. Nf3 Bf2 32. g4 hxg3+ 33. Kg2
Rd1 34. Re7 Rd7 35. Rxd7 Bxd7 36. Ne5 Bf5 37. c3 Be4+ 38. Nf3 Kf6 39. a4 Kf5
40. Bd1 Kf4 41. h4 f6
0-1

[Event "NM for klubblag 2018"]
[Site "Quality Hotel Edvard Grieg, Bergen"]
[Date "2018.05.10"]
[Round "3"]
[White "Sjøberg, Isak"]
[Black "Fossan, Benjamin"]
[Result "1-0"]
[WhiteElo "2034"]
[BlackElo "1948"]
[PlyCount "137"]
[EventDate "2018.??.??"]

1. e4 c5 2. Nf3 Nc6 3. Bb5 g6 4. O-O Bg7 5. d3 e5 6. Be3 d6 7. a3 Nge7 8. b4 b6
9. bxc5 dxc5 10. Bc4 O-O 11. h3 h6 12. Nc3 Kh7 13. Nh2 f5 14. exf5 Bxf5 15. Ne4
Nd5 16. Qd2 Qd7 17. Rae1 Nce7 18. Kh1 Nxe3 19. Qxe3 Nd5 20. Bxd5 Qxd5 21. Nf3
Rae8 22. Nh4 Bxe4 23. dxe4 Qd4 24. Qg3 Qd6 25. Rd1 Qe6 26. Qe3 Rd8 27. Qe2 Qf6
28. Qg4 h5 29. Qg3 Bh6 30. Nf3 Bf4 31. Qh4 Qxh4 32. Nxh4 Bg5 33. Nf3 Bf6 34. g4
Rxd1 35. Rxd1 Bg7 36. Kg2 hxg4 37. hxg4 Rf4 38. Kg3 Kg8 39. Rd8+ Rf8 40. Rd7
Rf7 41. Rd8+ Rf8 42. Rxf8+ Kxf8 43. c4 a6 44. a4 Ke8 45. g5 Kd7 46. Nh4 b5 47.
cxb5 axb5 48. axb5 c4 49. Kf3 Kd6 50. Nxg6 Kc5 51. b6 Kxb6 52. Ke3 Kc5 53. Ne7
Kb4 54. Nd5+ Kb3 55. f4 c3 56. Nxc3 exf4+ 57. Kxf4 Kxc3 58. e5 Kd4 59. e6 Bf8
60. g6 Kd5 61. e7 Bxe7 62. g7 Bd6+ 63. Kf5 Kd4 64. g8=Q Bc5 65. Qe6 Kc3 66. Qd5
Bd4 67. Ke4 Bf2 68. Qd3+ Kb4 69. Qd2+
1-0

[Event "NM for klubblag 2018"]
[Site "Quality Hotel Edvard Grieg, Bergen"]
[Date "2018.05.10"]
[Round "3"]
[White "Tisdall, Jonathan D"]
[Black "Fuglestein, Sander"]
[Result "1-0"]
[WhiteElo "2402"]
[BlackElo "1837"]
[PlyCount "75"]
[EventDate "2018.??.??"]

1. Nf3 Nf6 2. c4 e6 3. Nc3 d5 4. d4 c6 5. e3 Nbd7 6. Qc2 Bd6 7. g4 Nxg4 8. Rg1
f5 9. h3 Ngf6 10. Rxg7 Ne4 11. Bd2 Qf6 12. Rg2 Nf8 13. O-O-O Bd7 14. Be1 Ng6
15. Bd3 O-O 16. Ne5 Be8 17. Ne2 Qe7 18. f3 Nf6 19. Nf4 Bxe5 20. dxe5 Nd7 21.
cxd5 cxd5 22. Qc7 Kh8 23. Qd6 Qxd6 24. exd6 Nxf4 25. exf4 Rc8+ 26. Kb1 Bg6 27.
Bc3+ Kg8 28. h4 Kf7 29. h5 Bxh5 30. Rg7+ Ke8 31. Bb5 Bf7 32. Rdg1 a6 33. Rxf7
Rxf7 34. Rg8+ Rf8 35. Rxf8+ Kxf8 36. Bxd7 Rxc3 37. bxc3 Kf7 38. Kc2
1-0

[Event "NM for klubblag 2018"]
[Site "Quality Hotel Edvard Grieg, Bergen"]
[Date "2018.05.10"]
[Round "3"]
[White "Ranaldi, Lucas"]
[Black "Gausel, Einar J"]
[Result "1-0"]
[WhiteElo "2251"]
[BlackElo "2453"]
[PlyCount "99"]
[EventDate "2018.??.??"]

1. Nf3 Nf6 2. c4 e6 3. g3 a6 4. Nc3 d5 5. cxd5 exd5 6. Bg2 Be7 7. O-O O-O 8. d4
c6 9. Bf4 Bf5 10. Qb3 Ra7 11. Rac1 Nbd7 12. Ne5 Be6 13. Nxd7 Nxd7 14. Rfd1 Nb6
15. Qc2 Ra8 16. Na4 Nxa4 17. Qxa4 Re8 18. Qb3 Qd7 19. Bf3 a5 20. a4 Bb4 21. Bd2
Bd6 22. Bf4 Bxf4 23. gxf4 Bf5 24. Kh1 Re6 25. Rg1 Rg6 26. Rg3 Qe7 27. e3 Qb4
28. Qxb4 axb4 29. b3 Kf8 30. Bd1 Ke7 31. Bc2 Bxc2 32. Rxc2 Kd6 33. Kg2 b6 34.
Kf3 f5 35. Ke2 Ra7 36. Rxg6+ hxg6 37. Rc1 Re7 38. Rg1 Re6 39. Kd3 Kc7 40. h4 c5
41. h5 Rc6 42. Rxg6 c4+ 43. bxc4 dxc4+ 44. Kc2 Rxg6 45. hxg6 Kd6 46. e4 Ke6 47.
d5+ Kf6 48. exf5 Kxf5 49. d6 Ke6 50. f5+
1-0

[Event "NM for klubblag 2018"]
[Site "Quality Hotel Edvard Grieg, Bergen"]
[Date "2018.05.10"]
[Round "3"]
[White "Mork, Kjell Arne"]
[Black "Grandelius, Nils"]
[Result "0-1"]
[WhiteElo "2296"]
[BlackElo "2651"]
[PlyCount "73"]
[EventDate "2018.??.??"]

1. e4 c5 2. Nf3 e6 3. b3 a6 4. Bb2 Nc6 5. c4 d6 6. d4 cxd4 7. Nxd4 Bd7 8. Nc3
Nf6 9. Be2 Be7 10. O-O O-O 11. Qd2 Rb8 12. Rfd1 Re8 13. Rac1 Ne5 14. h3 h6 15.
Qe3 Ng6 16. Nf3 Qc7 17. Bd3 Rbd8 18. Ne2 e5 19. Nc3 Nf4 20. Bf1 Rc8 21. Ba3 Qb8
22. Qe1 b5 23. Nd5 N6xd5 24. cxd5 Rxc1 25. Rxc1 f5 26. Bb4 fxe4 27. Qxe4 Qb7
28. Rd1 Be6 29. Bd3 Bxd5 30. Qh7+ Kf7 31. Ne1 Bxg2 32. Bc2 Bxh3 33. Bxd6 Bf6
34. Bc5 Qc8 35. Be3 Qg4+ 36. Kh2 Bg2 37. Rd7+
0-1

[Event "NM for klubblag 2018"]
[Site "Quality Hotel Edvard Grieg, Bergen"]
[Date "2018.05.10"]
[Round "3"]
[White "Hagesæther, Halvard"]
[Black "Østenstad, Berge"]
[Result "0-1"]
[WhiteElo "2239"]
[BlackElo "2442"]
[PlyCount "24"]
[EventDate "2018.??.??"]

1. e4 e6 2. d4 d5 3. Nc3 Bb4 4. e5 c5 5. Bd2 Ne7 6. dxc5 Nbc6 7. f4 Bxc5 8. Nf3
a6 9. Bd3 Bd7 10. Qe2 Rc8 11. Be3 d4 12. Ne4 dxe3
0-1

[Event "NM for klubblag 2018"]
[Site "Quality Hotel Edvard Grieg, Bergen"]
[Date "2018.05.10"]
[Round "3"]
[White "Haug, Johannes"]
[Black "Kizatbay, Abyl"]
[Result "1-0"]
[WhiteElo "2387"]
[BlackElo "2047"]
[PlyCount "73"]
[EventDate "2018.??.??"]

1. d4 Nf6 2. c4 c5 3. d5 b5 4. cxb5 a6 5. bxa6 g6 6. Nc3 Bg7 7. a7 Rxa7 8. e4
O-O 9. Nf3 d6 10. Be2 e6 11. dxe6 Bxe6 12. O-O d5 13. Ng5 d4 14. Nxe6 fxe6 15.
Nb5 Rd7 16. Bc4 Kh8 17. e5 Nd5 18. f4 Nc6 19. Bxd5 Rxd5 20. Nd6 Ne7 21. Bd2 Nc8
22. Ne4 Nb6 23. b3 c4 24. bxc4 Nxc4 25. Rc1 Nxd2 26. Qxd2 Bh6 27. Rc4 d3 28. g3
Qb6+ 29. Kg2 Rb8 30. Rfc1 Qb7 31. Rc7 Qa8 32. Kh3 Bg7 33. Nd6 h5 34. f5 exf5
35. Rxg7 Kxg7 36. Rc7+ Kg8 37. Qh6
1-0

[Event "NM for klubblag 2018"]
[Site "Quality Hotel Edvard Grieg, Bergen"]
[Date "2018.05.10"]
[Round "3"]
[White "Martinsen, Stig K"]
[Black "Hauge, Lars Oskar"]
[Result "0-1"]
[WhiteElo "2205"]
[BlackElo "2433"]
[PlyCount "56"]
[EventDate "2018.??.??"]

1. d4 Nf6 2. c4 c5 3. d5 b5 4. Qc2 bxc4 5. e4 e6 6. Bxc4 exd5 7. exd5 Be7 8.
Nc3 O-O 9. Nge2 d6 10. O-O Nbd7 11. Ng3 Nb6 12. b3 Nxc4 13. bxc4 Nd7 14. Nf5
Nb6 15. Nxe7+ Qxe7 16. Nb5 Bd7 17. Rb1 Bxb5 18. Rxb5 Qh4 19. Rb3 Qxc4 20. Rc3
Qxd5 21. Rd1 Qc6 22. Rg3 f6 23. Bf4 Rad8 24. Rh3 f5 25. Rg3 Rf7 26. h4 d5 27.
Rf1 d4 28. Rg5 c4
0-1

[Event "NM for klubblag 2018"]
[Site "Quality Hotel Edvard Grieg, Bergen"]
[Date "2018.05.10"]
[Round "3"]
[White "Haugsdal, Arn-Tore"]
[Black "Sætre, Roger"]
[Result "1/2-1/2"]
[WhiteElo "1987"]
[BlackElo "1825"]
[Annotator "larsz"]
[PlyCount "126"]
[EventDate "2018.??.??"]

1. e4 e6 2. d4 d5 3. e5 c5 4. c3 Nc6 5. Nf3 Qb6 6. Bd3 Bd7 7. dxc5 Bxc5 8. O-O
a5 9. a4 Nge7 10. Qe2 Ng6 11. h4 f6 12. Bxg6+ hxg6 13. g3 Kf7 14. Bf4 Rac8 15.
Na3 Ne7 16. Nb5 Nf5 17. Kg2 Bc6 18. b4 axb4 19. cxb4 Bxb4 20. Rfb1 Bxb5 21.
Qxb5 Qxb5 22. axb5 Bc5 23. Ra4 Bb6 24. Rb2 Ra8 25. Rba2 Rxa4 26. Rxa4 Rc8 27.
g4 Ne7 28. Be3 Bxe3 29. fxe3 Rc5 30. Ra5 Nc6 31. Ra8 Rxb5 32. Rc8 fxe5 33. Rc7+
Kf6 34. Kg3 Ne7 35. g5+ Kf7 36. Nxe5+ Ke8 37. Rc3 Nf5+ 38. Kh3 Ne7 39. Ra3 Kd8
40. Ra8+ Kc7 41. Re8 Nf5 42. Rxe6 Rb3 43. Nxg6 Nxe3 44. h5 d4 45. Ne5 Nd5+ 46.
Kg4 d3 47. Nf3 Rb4+ 48. Kg3 Nf4 49. h6 gxh6 50. gxh6 Nxe6 51. h7 d2 52. Nxd2
Rh4 53. Kxh4 Nf8 54. h8=Q Ng6+ 55. Kg5 Nxh8 56. Kf5 Nf7 57. Ke6 Nd6 58. Kd5 Nf5
59. Kc5 Ne3 60. Kb5 Nc2 61. Kc5 Ne3 62. Kb5 Nc2 63. Kc5 Ne3 {resten er uklar}
1/2-1/2

[Event "NM for klubblag 2018"]
[Site "Quality Hotel Edvard Grieg, Bergen"]
[Date "2018.05.10"]
[Round "3"]
[White "Hersvik, Daniel"]
[Black "Hølleland, Sigve"]
[Result "1-0"]
[WhiteElo "2215"]
[BlackElo "2008"]
[PlyCount "61"]
[EventDate "2018.??.??"]

1. e4 c6 2. d4 d5 3. e5 Bf5 4. Nc3 e6 5. g4 Bg6 6. Nge2 h5 7. Nf4 Ne7 8. Nxg6
Nxg6 9. gxh5 Ne7 10. Qg4 c5 11. dxc5 Nec6 12. f4 Nd7 13. Bd2 Nxc5 14. O-O-O Qb6
15. Bg2 Ne7 16. Rhe1 O-O-O 17. Be3 Qc6 18. Kb1 Kb8 19. Bxc5 Qxc5 20. Ne4 Qc7
21. Ng5 Nc6 22. Qe2 Na5 23. f5 Nc4 24. fxe6 fxe6 25. Nxe6 Qb6 26. Qxc4 Bb4 27.
Bxd5 Bxe1 28. Nxd8 Rxd8 29. Rxe1 Qf2 30. Rd1 Qxh2 31. Qb5
1-0

[Event "NM for klubblag 2018"]
[Site "Quality Hotel Edvard Grieg, Bergen"]
[Date "2018.05.10"]
[Round "3"]
[White "Houska, Jovanka"]
[Black "Sekkingstad, Thomas"]
[Result "1-0"]
[WhiteElo "2420"]
[BlackElo "1609"]
[PlyCount "69"]
[EventDate "2018.??.??"]

1. d4 Nf6 2. Nf3 e6 3. c4 b6 4. g3 Bb7 5. Bg2 c5 6. d5 exd5 7. Nh4 Be7 8. Nf5
O-O 9. cxd5 d6 10. O-O Re8 11. Nxe7+ Qxe7 12. Nc3 h6 13. b3 Na6 14. Bb2 Nc7 15.
a4 a6 16. e4 Nd7 17. Qd2 b5 18. Rae1 f6 19. f4 Nb6 20. a5 Nc8 21. Nd1 Qd7 22.
Ne3 Ne7 23. g4 Ng6 24. Qf2 Rf8 25. h4 Rae8 26. Qg3 Bc8 27. h5 Nh8 28. g5 fxg5
29. fxg5 Nf7 30. Nf5 Nxg5 31. Nxg7 Rxf1+ 32. Rxf1 Nxe4 33. Bxe4 Rxe4 34. Ne6+
Kh7 35. Nf8#
1-0

[Event "NM for klubblag 2018"]
[Site "Quality Hotel Edvard Grieg, Bergen"]
[Date "2018.05.10"]
[Round "3"]
[White "Kristiansen, Snorre"]
[Black "Rønnestad, Liam Jansson"]
[Result "1-0"]
[WhiteElo "1749"]
[BlackElo "1579"]
[PlyCount "43"]
[EventDate "2018.??.??"]

1. e4 c5 2. Nf3 Nc6 3. d4 cxd4 4. Nxd4 g6 5. Nc3 Bg7 6. Be3 Nf6 7. Bc4 Qa5 8.
O-O O-O 9. Nb3 Qd8 10. f4 d6 11. h3 e6 12. Qe2 a6 13. a4 Na5 14. Nxa5 Qxa5 15.
Rab1 Nxe4 16. Nxe4 d5 17. b4 Qc7 18. Bc5 Rd8 19. a5 dxc4 20. Rfd1 Rd5 21. Rxd5
exd5 22. Nf6+
1-0

[Event "NM for klubblag 2018"]
[Site "Quality Hotel Edvard Grieg, Bergen"]
[Date "2018.05.10"]
[Round "3"]
[White "Kvaløy, Aksel Bu"]
[Black "Tryggestad, Andreas G"]
[Result "0-1"]
[WhiteElo "1958"]
[BlackElo "2251"]
[PlyCount "70"]
[EventDate "2018.??.??"]

1. e4 c5 2. Nf3 e6 3. d4 cxd4 4. Nxd4 a6 5. c4 Nf6 6. Nc3 Qc7 7. Be2 Be7 8. O-O
Nc6 9. a3 O-O 10. b4 d6 11. Bb2 Bd7 12. Rc1 Qb6 13. Nb3 Ne5 14. Kh1 Ng6 15. f4
Bc6 16. Qd3 Rfd8 17. Na5 d5 18. Nxc6 bxc6 19. e5 Nd7 20. g3 Qb7 21. c5 Nxc5 22.
Qc2 Nd7 23. Bf3 a5 24. bxa5 Rxa5 25. a4 Qa6 26. h4 Nb6 27. h5 Nf8 28. f5 exf5
29. Qxf5 Qc8 30. Qf4 Ne6 31. Qg4 Nc4 32. Ba1 Ng5 33. Qf4 Qh3+ 34. Kg1 Bc5+ 35.
Rf2 Be3
0-1

[Event "NM for klubblag 2018"]
[Site "Quality Hotel Edvard Grieg, Be"]
[Date "2018.05.10"]
[Round "3"]
[White "Odde, Eilif"]
[Black "Kvisla, Johannes Luangtep"]
[Result "0-1"]
[WhiteElo "1974"]
[BlackElo "2251"]
[PlyCount "131"]
[EventDate "2018.??.??"]

1. d4 e6 2. e4 d5 3. exd5 exd5 4. Bd3 Bd6 5. Nf3 Ne7 6. O-O Bg4 7. Nbd2 Nbc6 8.
c3 Qd7 9. Re1 O-O-O 10. Qc2 f6 11. b4 Bf5 12. Nb3 Bxd3 13. Qxd3 Qf5 14. Qxf5+
Nxf5 15. Bd2 h5 16. h4 b6 17. a4 Nce7 18. g3 Ng6 19. Kg2 Kd7 20. b5 Bf8 21. Nc1
Nd6 22. Re2 Nc4 23. Nd3 Bd6 24. Be1 Ne7 25. Nd2 Na5 26. Rb1 Nf5 27. Nb3 Nc4 28.
Nd2 Na3 29. Rb2 Rde8 30. Rxe8 Rxe8 31. Kf1 g5 32. hxg5 fxg5 33. Nf3 Nc4 34. Re2
Rf8 35. Kg2 g4 36. Nfe5+ Bxe5 37. Nxe5+ Nxe5 38. Rxe5 c6 39. bxc6+ Kxc6 40.
Re6+ Kb7 41. Re5 h4 42. gxh4 Nxh4+ 43. Kg3 Nf3 44. Re7+ Ka6 45. Kg2 Rc8 46. Kg3
Nxe1 47. Rxe1 Rxc3+ 48. Kxg4 Rd3 49. f4 Rxd4 50. Kf5 Rxa4 51. Ke5 Rc4 52. f5
Rc8 53. Kxd5 b5 54. f6 Rf8 55. Kc5 Rc8+ 56. Kd6 b4 57. f7 Rf8 58. Ke7 Rh8 59.
f8=Q Rxf8 60. Kxf8 Kb5 61. Ke7 b3 62. Kd6 Kc4 63. Rc1+ Kb4 64. Kd5 a5 65. Kd4
b2 66. Rc8 0-1

[Event "NM for klubblag 2018"]
[Site "Quality Hotel Edvard Grieg, Bergen"]
[Date "2018.05.10"]
[Round "3"]
[White "Lilleløkken, Kjell Arne"]
[Black "Shehzad, Shazil"]
[Result "1/2-1/2"]
[WhiteElo "2104"]
[BlackElo "1921"]
[PlyCount "40"]
[EventDate "2018.??.??"]

1. f4 c5 2. Nf3 Nc6 3. g3 d5 4. Bg2 Nf6 5. O-O g6 6. d3 Bg7 7. Qe1 O-O 8. e4 b6
9. e5 Ne8 10. Nc3 Nc7 11. h3 f6 12. exf6 exf6 13. Kh2 Qd6 14. Bd2 f5 15. a4 a6
16. Qf2 Bb7 17. Rae1 Rae8 18. Rxe8 Rxe8 19. Re1 Qd7 20. Rxe8+ Qxe8
1/2-1/2

[Event "NM for klubblag 2018"]
[Site "Quality Hotel Edvard Grieg, Bergen"]
[Date "2018.05.10"]
[Round "3"]
[White "Urkedal, Frode Olav Olsen"]
[Black "Løbersli, Henrik Øie"]
[Result "1-0"]
[WhiteElo "2548"]
[BlackElo "2118"]
[PlyCount "75"]
[EventDate "2018.??.??"]

1. c4 e5 2. Nc3 Bb4 3. Nd5 Bc5 4. Nf3 c6 5. Nc3 d6 6. e3 Bb4 7. d4 Qe7 8. Be2
Nf6 9. Qb3 Bxc3+ 10. Qxc3 e4 11. Nd2 O-O 12. h3 h5 13. b3 Bf5 14. Bb2 a5 15. d5
Nbd7 16. g4 Bg6 17. dxc6 bxc6 18. g5 Ne8 19. h4 c5 20. Nf1 Ne5 21. Ng3 Nd3+ 22.
Bxd3 exd3 23. Kd2 a4 24. Rae1 axb3 25. axb3 Qe6 26. f4 Qg4 27. Rhg1 f6 28. Kc1
fxg5 29. Ne4 Qf5 30. Nxg5 Ra7 31. Nf3 Qf7 32. Rg5 Nf6 33. Nd2 Ng4 34. e4 Bh7
35. Qxd3 Qxf4 36. Rf1 Qe3 37. Qd5+ Kh8 38. Rxf8+
1-0

[Event "NM for klubblag 2018"]
[Site "Quality Hotel Edvard Grieg, Bergen"]
[Date "2018.05.10"]
[Round "3"]
[White "Madland, Kristoffer"]
[Black "Moen, Ole Christian"]
[Result "1-0"]
[WhiteElo "2130"]
[BlackElo "2194"]
[PlyCount "81"]
[EventDate "2018.??.??"]

1. d4 Nf6 2. c4 g6 3. Nc3 Bg7 4. e4 d6 5. Nf3 O-O 6. h3 e5 7. d5 Na6 8. Bg5 h6
9. Be3 Nc5 10. Nd2 a5 11. Be2 Ne8 12. g4 b6 13. Nf1 f5 14. gxf5 gxf5 15. exf5
Bxf5 16. Ng3 Bg6 17. h4 Nf6 18. h5 Bh7 19. Qd2 Kh8 20. Bxh6 Qd7 21. Be3 Ng4 22.
h6 Bf6 23. Bxc5 bxc5 24. Nce4 Be7 25. f3 Bxe4 26. Nxe4 Rf4 27. O-O-O Nf6 28.
Rdg1 Nxe4 29. fxe4 Rg8 30. Rxg8+ Kxg8 31. Bd1 Kh7 32. Qg2 Bf6 33. Bh5 Qe7 34.
Qg6+ Kh8 35. Rg1 Qf8 36. Bg4 Qg8 37. Qxg8+ Kxg8 38. Bf5+ Kh8 39. Rg6 Be7 40.
Re6 Bf8 41. Re8
1-0